[Event "DLM 2010"]
[Site "Stuttgart GER"]
[Date "2010.11.17"]
[Round "1"]
[White "Wenninger, Philipp"]
[Black "Poetsch, Hagen"]
[Result "1/2-1/2"]
[Termination "normal"]
[Board "1.1"]
[BlackTitle "FM"]
[WhiteElo "2080"]
[BlackElo "2395"]
[WhiteTeam "Württemberg 2"]
[BlackTeam "Hessen 1"]
[WhiteFideId "4648404"]
[BlackFideId "24615137"]
[EventCountry "GER"]
[EventRounds "7"]
[EventType "team-swiss"]
[EventDate "2010.11.16"]

1. d4 Nf6 2. c4 e6 3. g3 d5 4. Nf3 Bb4+ 5. Bd2 Be7 6. Bg2 O-O 7. O-O c6 8. Qc2
Nbd7 9. Rd1 b6 10. Bf4 Bb7 11. Nc3 dxc4 12. Nd2 Nd5 13. Nxc4 Nxf4 14. gxf4 Qc7
15. e3 Rac8 16. Rac1 Nf6 17. Ne5 c5 18. d5 exd5 19. Nxd5 Nxd5 20. Bxd5 Rcd8 21.
Bxb7 Qxb7 22. Rxd8 Rxd8 23. Rd1 Rd6 24. Rxd6 Bxd6 25. Qd3 Be7 26. Qb5 Qc8 27.
Qc4 Qe6 28. Qa4 g5 29. Qxa7 Bf6 30. Qd7 Qxa2 31. Qe8+ Kg7 32. Nd7 gxf4 33. Qf8+
Kg6 34. Qg8+ Bg7 35. Nf8+ Kf6 36. Nxh7+ Kg6 37. Nf8+ Kf6 38. Nh7+ Kg6 39. Nf8+
Kf6 40. Nh7+ 1/2-1/2

[Event "DLM 2010"]
[Site "Stuttgart GER"]
[Date "2010.11.17"]
[Round "1"]
[White "Geske, Julian"]
[Black "Müller, Philipp"]
[Result "1/2-1/2"]
[Termination "normal"]
[Board "1.2"]
[WhiteTitle "FM"]
[WhiteElo "2364"]
[BlackElo "1992"]
[WhiteTeam "Hessen 1"]
[BlackTeam "Württemberg 2"]
[WhiteFideId "24605263"]
[BlackFideId "24683701"]
[EventCountry "GER"]
[EventRounds "7"]
[EventType "team-swiss"]
[EventDate "2010.11.16"]

1. e4 e5 2. Nf3 Nf6 3. Nxe5 d6 4. Nf3 Nxe4 5. c4 Be7 6. d4 O-O 7. Bd3 Ng5 8.
Nxg5 Bxg5 9. Qh5 h6 10. Bxg5 Qxg5 11. Qxg5 hxg5 12. Nc3 Bd7 13. Nd5 Na6 14. Kd2
Rfe8 15. h4 g4 16. Rae1 Kf8 17. Rxe8+ Rxe8 18. h5 Be6 19. Nf4 Nb4 20. h6 gxh6
21. Rxh6 Bd7 22. Bb1 Ke7 23. a3 Nc6 24. Nd5+ Kd8 25. Nf6 Rf8 26. Kc3 Ne7 27.
Rh4 g3 28. fxg3 Bf5 29. Bxf5 Nxf5 30. Rh3 Ne3 31. Rh4 Nf5 32. Rh5 Nxg3 33. Rg5
Ne2+ 34. Kd3 Nf4+ 35. Ke4 Ne6 36. Rh5 c6 37. d5 Ng7 38. Rh6 Ke7 39. dxc6 bxc6
40. Nh5 Ne6 41. Ng3 Rg8 42. Nf5+ 1/2-1/2

[Event "DLM 2010"]
[Site "Stuttgart GER"]
[Date "2010.11.17"]
[Round "1"]
[White "Zimmermann, Ulrich"]
[Black "Ohme, Melanie"]
[Result "0-1"]
[Termination "normal"]
[Board "1.3"]
[BlackTitle "WIM"]
[WhiteElo "2055"]
[BlackElo "2311"]
[WhiteTeam "Württemberg 2"]
[BlackTeam "Hessen 1"]
[WhiteFideId "24654523"]
[BlackFideId "4690745"]
[EventCountry "GER"]
[EventRounds "7"]
[EventType "team-swiss"]
[EventDate "2010.11.16"]

1. g3 g6 2. Bg2 Bg7 3. d4 d6 4. e4 Nd7 5. Ne2 e5 6. O-O Ngf6 7. Nbc3 O-O 8. h3
Re8 9. Be3 a6 10. a4 a5 11. f4 c6 12. dxe5 dxe5 13. f5 h6 14. g4 g5 15. Qe1 Qe7
16. Qf2 Bf8 17. Nc1 Nc5 18. Rd1 b6 19. Nb3 Nxb3 20. cxb3 Nd7 21. Bf1 Nc5 22.
Bc4 Ba6 23. f6 Qc7 24. h4 Bxc4 25. bxc4 Qc8 26. Qg3 Ne6 27. Qxe5 Bc5 28. Bxc5
Nxc5 29. Qf5 Nxe4 30. hxg5 Qxf5 31. gxf5 hxg5 32. Rd4 Nxf6 33. Rd6 Kg7 34. Rxc6
Rac8 35. Rxb6 Rxc4 36. Rf1 Ng4 37. f6+ Kg6 38. Nd5 Re2 39. Rb8 Rcc2 40. Rg8+
Kh7 41. Rg7+ Kh6 42. Rf3 Re1+ 43. Rf1 Rxf1+ 44. Kxf1 Nxf6 45. Rxf7 Nxd5 46. Ra7
Rc5 47. Kg2 Kh5 48. Kg3 Nf6 49. Ra6 Ne4+ 50. Kf3 Nd2+ 51. Ke3 Nf1+ 52. Kf2 Nh2
53. Kg3 Ng4 54. Ra8 Rd5 55. Rh8+ Nh6 56. Rb8 Rd3+ 57. Kg2 Kg4 58. b4 Rd2+ 59.
Kf1 0-1

[Event "DLM 2010"]
[Site "Stuttgart GER"]
[Date "2010.11.17"]
[Round "1"]
[White "Gibicar, Danijel"]
[Black "Hahn, Markus"]
[Result "1/2-1/2"]
[Termination "normal"]
[Board "1.5"]
[WhiteElo "1992"]
[BlackElo "2078"]
[WhiteTeam "Württemberg 2"]
[BlackTeam "Hessen 1"]
[WhiteFideId "24660256"]
[BlackFideId "24654647"]
[EventCountry "GER"]
[EventRounds "7"]
[EventType "team-swiss"]
[EventDate "2010.11.16"]

1. d4 e6 2. c4 f5 3. g3 Nf6 4. Bg2 d5 5. Nf3 c6 6. O-O Bd6 7. b3 Qe7 8. a4 a5
9. Ba3 Bxa3 10. Nxa3 O-O 11. Nc2 b6 12. Nce1 Bb7 13. Nd3 Na6 14. Nfe5 Rfd8 15.
e3 Rac8 16. Qe2 Ne4 17. Rac1 c5 18. cxd5 exd5 19. Qb2 Nb4 20. Rfd1 Qf6 21. dxc5
Nxd3 22. Nxd3 Qxb2 23. Nxb2 bxc5 24. f3 Nf6 25. Kf2 Ba6 26. Bf1 Bxf1 27. Kxf1
Kf8 28. Rd2 Ke7 29. Rdc2 Kd6 30. Nd1 Nd7 31. Nc3 Rb8 32. Rd2 Nf6 33. Nb5+ Kc6
34. Rdc2 Nd7 35. Nd4+ Kd6 36. Nb5+ Kc6 37. Rc3 g6 38. Kf2 Kb6 39. h4 Ne5 40.
Ke2 Rbc8 41. Nd4 Re8 42. Nb5 Re6 43. Nd4 1/2-1/2

[Event "DLM 2010"]
[Site "Stuttgart GER"]
[Date "2010.11.17"]
[Round "1"]
[White "Tran, My Linh"]
[Black "Zeller, Elisa"]
[Result "1-0"]
[Termination "normal"]
[Board "1.6"]
[WhiteElo "1895"]
[BlackElo "1770"]
[WhiteTeam "Hessen 1"]
[BlackTeam "Württemberg 2"]
[WhiteFideId "24682462"]
[BlackFideId "24662410"]
[EventCountry "GER"]
[EventRounds "7"]
[EventType "team-swiss"]
[EventDate "2010.11.16"]

1. e4 d6 2. d4 Nf6 3. Nc3 g6 4. Be3 Bg7 5. h3 Nbd7 6. Nf3 e5 7. d5 a6 8. a4 b6
9. Be2 O-O 10. O-O h6 11. Nd2 g5 12. Nc4 Rb8 13. a5 b5 14. Nd2 Re8 15. Na2 Nc5
16. Nb4 Bb7 17. c4 bxc4 18. Bxc4 Nfxe4 19. Nxe4 Nxe4 20. Qc2 Nf6 21. Rfd1 Qc8
22. Qe2 Ra8 23. Rac1 Nd7 24. Bb3 Qd8 25. Ba4 Rf8 26. Nc6 Qe8 27. Nb4 Qd8 28.
Qc4 Rc8 29. Nc6 Bxc6 30. Bxc6 Rb8 31. b4 Qe7 32. Ba7 Rbd8 33. Qxa6 Nb8 34. Bxb8
Rxb8 35. Qc4 e4 36. Re1 f5 37. a6 Ra8 38. Bxa8 Rxa8 39. b5 Be5 40. Qxc7 Qxc7
41. Rxc7 Bd4 42. Rec1 Bc5 43. R1xc5 dxc5 44. Rxc5 Kf7 45. Rc7+ Ke8 46. Rh7 1-0

[Event "DLM 2010"]
[Site "Stuttgart GER"]
[Date "2010.11.17"]
[Round "1"]
[White "Graf, Clara Victoria"]
[Black "Gaßmann, Linda"]
[Result "1/2-1/2"]
[Termination "normal"]
[Board "1.8"]
[WhiteElo "1739"]
[BlackElo "1821"]
[WhiteTeam "Hessen 1"]
[BlackTeam "Württemberg 2"]
[WhiteFideId "1270339"]
[BlackFideId "12900451"]
[EventCountry "GER"]
[EventRounds "7"]
[EventType "team-swiss"]
[EventDate "2010.11.16"]

1. e4 e5 2. Nf3 Nf6 3. Nxe5 d6 4. Nf3 Nxe4 5. Nc3 Nxc3 6. dxc3 Nc6 7. Be3 a6 8.
Qd2 Be6 9. O-O-O Qd7 10. Bd3 O-O-O 11. h3 Ne5 12. Nxe5 dxe5 13. Be4 Qxd2+ 14.
Rxd2 Rxd2 15. Bxd2 Bc5 16. Rf1 f5 17. Bd3 Rd8 18. f3 g6 19. Re1 Bd6 20. Bf4
exf4 21. Rxe6 Kd7 22. Re2 Re8 23. Rxe8 Kxe8 24. Kd2 Ke7 25. Bc4 Kf6 26. b4 g5
27. a4 h5 28. Bd5 c6 29. Bb3 g4 30. fxg4 fxg4 31. hxg4 hxg4 32. Ke2 Be5 33. c4
Bc3 34. b5 Ke5 35. Kd3 1/2-1/2

[Event "DLM 2010"]
[Site "Stuttgart GER"]
[Date "2010.11.17"]
[Round "1"]
[White "Lubbe, Nikolas"]
[Black "Seifert, Christopher"]
[Result "1-0"]
[Termination "normal"]
[Board "2.1"]
[WhiteElo "2367"]
[BlackElo "2217"]
[WhiteTeam "Niedersachsen"]
[BlackTeam "Hessen 2"]
[WhiteFideId "4694031"]
[BlackFideId "24615293"]
[EventCountry "GER"]
[EventRounds "7"]
[EventType "team-swiss"]
[EventDate "2010.11.16"]

1. e4 c5 2. Nf3 Nc6 3. d4 cxd4 4. Nxd4 Nf6 5. Nc3 e6 6. g3 Bb4 7. Bg2 d5 8.
exd5 Nxd5 9. O-O Nxc3 10. Nxc6 bxc6 11. bxc3 Bxc3 12. Bxc6+ Bd7 13. Qf3 O-O 14.
Qxc3 Rc8 15. Bb2 f6 16. Bxd7 Rxc3 17. Bxe6+ Kh8 18. Bxc3 Qc7 19. Bb2 Qxc2 20.
Ba3 Rd8 21. Bb3 Qf5 22. Rad1 Rxd1 23. Rxd1 h5 24. h4 a5 25. Rd5 Qb1+ 26. Kh2 g5
27. hxg5 a4 28. gxf6 {1-0 Lubbe,N-Seifert,C/Stuttgart 2010} 1-0

[Event "DLM 2010"]
[Site "Stuttgart GER"]
[Date "2010.11.17"]
[Round "1"]
[White "Aslan, Benjamin"]
[Black "Schulz, Jens"]
[Result "0-1"]
[Termination "normal"]
[Board "2.2"]
[WhiteElo "2105"]
[BlackElo "2173"]
[WhiteTeam "Hessen 2"]
[BlackTeam "Niedersachsen"]
[WhiteFideId "24640298"]
[BlackFideId "24675687"]
[EventCountry "GER"]
[EventRounds "7"]
[EventType "team-swiss"]
[EventDate "2010.11.16"]

1. d4 d5 2. c4 c6 3. Nf3 Nf6 4. e3 Bg4 5. Qb3 Qb6 6. Nc3 Bxf3 7. gxf3 e6 8. Rg1
Nbd7 9. Qxb6 Nxb6 10. b3 Bb4 11. Bd2 O-O 12. Bd3 Rad8 13. cxd5 Nbxd5 14. Ne4
Be7 15. Rc1 Nd7 16. f4 Ba3 17. Rd1 c5 18. dxc5 Nxc5 19. Nxc5 Bxc5 20. Be4 b6
21. Bf3 g6 22. h4 Rd7 23. Bc1 Rfd8 24. a3 Be7 25. Bb2 Bxh4 26. Rc1 Nxe3 27. Rh1
Nf5 28. Be4 Bxf2+ 29. Kf1 Be3 30. Re1 Ng3+ 31. Kg2 Bxf4 32. Kf3 Nxh1 33. Kxf4
Nf2 0-1

[Event "DLM 2010"]
[Site "Stuttgart GER"]
[Date "2010.11.17"]
[Round "1"]
[White "Schreiner, Till"]
[Black "Will, Dominik"]
[Result "1/2-1/2"]
[Termination "normal"]
[Board "2.3"]
[WhiteElo "2149"]
[BlackElo "2023"]
[WhiteTeam "Niedersachsen"]
[BlackTeam "Hessen 2"]
[WhiteFideId "24675555"]
[BlackFideId "4696557"]
[EventCountry "GER"]
[EventRounds "7"]
[EventType "team-swiss"]
[EventDate "2010.11.16"]

1. d4 Nf6 2. c4 g6 3. Nc3 Bg7 4. e4 d6 5. f3 O-O 6. Be3 c5 7. Nge2 Qa5 8. Qd2
Nc6 9. d5 Ne5 10. Ng3 a6 11. Be2 Bd7 12. a4 Qb4 13. Nb1 Qxd2+ 14. Bxd2 Bc8 15.
Nc3 h5 16. O-O h4 17. Nh1 Nh5 18. Nf2 Kh7 19. f4 Bh6 20. Bxh5 gxh5 21. b3 Ng4
22. Nd3 Bg7 23. Rae1 Bd7 24. h3 Nh6 25. f5 Bd4+ 26. Kh2 e6 27. Ne2 Bh8 28. Bf4
exf5 29. Bxd6 fxe4 30. Bxf8 exd3 31. Bxh6 dxe2 32. Rxf7+ Kxh6 33. Rxd7 Be5+ 34.
Kg1 Bd4+ 35. Kh2 Be5+ 1/2-1/2

[Event "DLM 2010"]
[Site "Stuttgart GER"]
[Date "2010.11.17"]
[Round "1"]
[White "Galkin, Wladislaw"]
[Black "Tennert, Simon"]
[Result "1-0"]
[Termination "normal"]
[Board "2.4"]
[WhiteElo "1924"]
[BlackElo "2025"]
[WhiteTeam "Hessen 2"]
[BlackTeam "Niedersachsen"]
[WhiteFideId "4603192"]
[BlackFideId "1270445"]
[EventCountry "GER"]
[EventRounds "7"]
[EventType "team-swiss"]
[EventDate "2010.11.16"]

1. d4 Nf6 2. c4 c5 3. d5 e6 4. Nc3 exd5 5. cxd5 d6 6. e4 g6 7. Nf3 Bg7 8. Nd2
Nbd7 9. Be2 O-O 10. O-O Re8 11. Qc2 Nb6 12. a4 Bd7 13. Re1 Rb8 14. h3 a6 15. a5
Nc8 16. f4 Nh5 17. Bxh5 gxh5 18. Nf3 Na7 19. e5 h6 20. b3 Nb5 21. Nxb5 Bxb5 22.
Qd2 Qd7 23. Bb2 Qf5 24. Nh4 Qd3 25. Qxd3 Bxd3 26. Re3 Bh7 27. g4 hxg4 28. hxg4
b5 29. Kf2 Rbd8 30. Rd1 c4 31. Nf5 Bxf5 32. gxf5 f6 33. exf6 Rxe3 34. Kxe3 Bf8
35. bxc4 bxc4 36. Bc3 Rb8 37. Kd4 Kf7 38. Kxc4 Rc8+ 39. Kb3 Rb8+ 40. Kc4 Rc8+
41. Kb4 Re8 42. Bd4 Re4 43. Kc4 Rxf4 44. Rb1 Rxf5 45. Rb6 Rf3 46. Rxa6 h5 47.
Ra8 h4 48. a6 Ra3 49. a7 h3 50. Rb8 h2 51. Rb1 Bh6 52. Rh1 Bf4 53. Kb5 Be5 54.
Bxe5 dxe5 55. Kb6 e4 56. Rxh2 e3 57. Re2 Rb3+ 58. Kc6 Ra3 59. Rxe3 1-0

[Event "DLM 2010"]
[Site "Stuttgart GER"]
[Date "2010.11.17"]
[Round "1"]
[White "Grigorian, Spartak"]
[Black "Baskin, Robert"]
[Result "1-0"]
[Termination "normal"]
[Board "2.5"]
[WhiteElo "1835"]
[BlackElo "1870"]
[WhiteTeam "Niedersachsen"]
[BlackTeam "Hessen 2"]
[WhiteFideId "24661490"]
[BlackFideId "24662402"]
[EventCountry "GER"]
[EventRounds "7"]
[EventType "team-swiss"]
[EventDate "2010.11.16"]

1. d4 d5 2. c4 e6 3. Nf3 Nf6 4. g3 dxc4 5. Bg2 a6 6. O-O b5 7. Ne5 Nd5 8. e4
Nf6 9. a4 c6 10. Nc3 Bb4 11. axb5 Bxc3 12. bxc3 cxb5 13. Ba3 Bb7 14. Qe2 Nbd7
15. f4 Qb6 16. Rab1 Nxe5 17. fxe5 Nd7 18. Qh5 g6 19. Qg5 f6 20. exf6 Kf7 21.
Qh6 Rag8 22. Kh1 e5 23. d5 g5 24. Bh3 g4 25. Qh5+ Rg6 26. Bxg4 Nxf6 27. Be6+
Kg7 28. Rxf6 Qxe6 29. Rxe6 Rxe6 30. dxe6 Bxe4+ 31. Kg1 1-0

[Event "DLM 2010"]
[Site "Stuttgart GER"]
[Date "2010.11.17"]
[Round "1"]
[White "Sancar, Alina"]
[Black "Düssler, Stefanie"]
[Result "0-1"]
[Termination "normal"]
[Board "2.6"]
[WhiteElo "1793"]
[BlackElo "1868"]
[WhiteTeam "Hessen 2"]
[BlackTeam "Niedersachsen"]
[WhiteFideId "4624750"]
[BlackFideId "4634780"]
[EventCountry "GER"]
[EventRounds "7"]
[EventType "team-swiss"]
[EventDate "2010.11.16"]

1. e4 e6 2. d4 d5 3. Nc3 Bb4 4. exd5 exd5 5. Bd3 Nf6 6. Nge2 Nc6 7. O-O O-O 8.
a3 Be7 9. Bf4 a6 10. f3 Nh5 11. Be3 Bd6 12. Bf2 Be6 13. Qd2 Qd7 14. Qg5 g6 15.
Qd2 f5 16. f4 Nf6 17. Kh1 Ne4 18. Qe3 Qg7 19. Bxe4 fxe4 20. Bg3 Ne7 21. Qd2 c6
22. Na4 Rad8 23. c3 Nf5 24. Rad1 Rf7 25. Nc5 Bc8 26. Bf2 Re8 27. Be3 h5 28. Ng3
Nxe3 29. Qxe3 Qh6 30. Ne2 h4 31. Nd3 Bg4 32. Nf2 Bxe2 33. Qxe2 Bxf4 34. Nh3
Ref8 35. Qg4 Be3 36. Qe6 Qg7 37. Rde1 Bh6 38. Rf2 e3 39. Rf3 Kh7 40. Rxf7 Rxf7
41. Qg4 Qf6 42. Kg1 Kg7 43. Qe2 Qe6 44. b3 Qe4 45. Rd1 g5 46. g4 Rf3 47. Qg2 e2
48. Re1 Qe3+ 49. Nf2 Qd2 0-1

[Event "DLM 2010"]
[Site "Stuttgart GER"]
[Date "2010.11.17"]
[Round "1"]
[White "Manusina, Nicole"]
[Black "Brandl, Lea"]
[Result "1-0"]
[Termination "normal"]
[Board "2.7"]
[WhiteElo "1751"]
[BlackElo "1542"]
[WhiteTeam "Niedersachsen"]
[BlackTeam "Hessen 2"]
[WhiteFideId "24657514"]
[BlackFideId "24693049"]
[EventCountry "GER"]
[EventRounds "7"]
[EventType "team-swiss"]
[EventDate "2010.11.16"]

1. d4 d5 2. c4 e6 3. Nc3 Nf6 4. cxd5 exd5 5. Bg5 Nbd7 6. e3 c6 7. Bd3 Be7 8.
Qc2 O-O 9. Nf3 Re8 10. O-O Nf8 11. h3 h6 12. Bf4 Be6 13. a3 Rc8 14. b4 a6 15.
Na4 N8d7 16. Nc5 Nxc5 17. bxc5 Qd7 18. Ne5 Qd8 19. Rfb1 Rc7 20. Rb2 Qc8 21.
Rab1 Bf8 22. Nf3 Rd7 23. Bxa6 bxa6 24. Rb8 Qxb8 25. Bxb8 Rc8 26. Ne5 Rdd8 27.
Ba7 Nd7 28. Nxd7 Rxd7 29. Bb6 g6 30. Qa4 Rb7 31. Qxa6 Rcb8 32. a4 Be7 33. a5
Bc8 34. Qe2 Bd8 35. Rc1 Bd7 36. a6 Bxb6 37. axb7 Bxc5 38. dxc5 Rxb7 39. Qa6 Rb8
40. Qa7 1-0

[Event "DLM 2010"]
[Site "Stuttgart GER"]
[Date "2010.11.17"]
[Round "1"]
[White "Liez, Franziska"]
[Black "Sieber, Fiona"]
[Result "0-1"]
[Termination "normal"]
[Board "2.8"]
[WhiteElo "1506"]
[BlackElo "1637"]
[WhiteTeam "Hessen 2"]
[BlackTeam "Niedersachsen"]
[WhiteFideId "1271766"]
[BlackFideId "12902373"]
[EventCountry "GER"]
[EventRounds "7"]
[EventType "team-swiss"]
[EventDate "2010.11.16"]

1. e4 c5 2. Nf3 d6 3. d4 cxd4 4. Nxd4 Nf6 5. Nc3 Nc6 6. Be2 e5 7. Nb3 Be7 8.
O-O a6 9. Be3 Qc7 10. f4 O-O 11. Qe1 Nb4 12. Rc1 d5 13. fxe5 Nxe4 14. Nxe4 dxe4
15. Qg3 Nxa2 16. Bh6 Qb6+ 17. Be3 Nxc1 18. Rxc1 Qg6 19. Qf4 Bh3 20. g3 h6 21.
Nd2 Bg5 22. Qf2 Qf5 23. Bxg5 Qxg5 24. Qf4 Qxf4 25. gxf4 Bf5 26. Kf2 f6 27. Ke3
fxe5 28. fxe5 Rae8 29. Bc4+ Kh7 30. Kd4 Rd8+ 31. Ke3 Rfe8 32. Re1 Rxe5 33. Kf4
Rde8 34. Ke3 Be6 35. Bf1 Bf7 36. Bg2 Bg6 37. Rf1 Rg5 38. Rf2 Rg4 39. Nc4 b5 40.
Nd2 Re7 41. Re2 a5 42. c3 Bh5 43. Rf2 Bg6 44. Re2 Rh4 45. Bh1 Rh3+ 46. Kd4 Rd3+
47. Kc5 e3 48. Nf3 Rd1 49. Re1 e2 50. Kxb5 Bh5 0-1

[Event "DLM 2010"]
[Site "Stuttgart GER"]
[Date "2010.11.17"]
[Round "1"]
[White "Colpe, Malte"]
[Black "Krassowizkij, Jaroslaw"]
[Result "1/2-1/2"]
[Termination "normal"]
[Board "3.1"]
[WhiteElo "2228"]
[BlackElo "2248"]
[WhiteTeam "Hamburg"]
[BlackTeam "Württemberg 1"]
[WhiteFideId "24623075"]
[BlackFideId "1271703"]
[EventCountry "GER"]
[EventRounds "7"]
[EventType "team-swiss"]
[EventDate "2010.11.16"]

1. d4 Nf6 2. c4 g6 3. Nc3 d5 4. cxd5 Nxd5 5. e4 Nxc3 6. bxc3 Bg7 7. Bc4 c5 8.
Ne2 Nc6 9. Be3 O-O 10. O-O Na5 11. Bd3 b6 12. dxc5 bxc5 13. Bxc5 Qc7 14. Be3
Nc4 15. Bxc4 Qxc4 16. Qd5 Qxd5 17. exd5 Ba6 18. Rfe1 Bxe2 19. Rxe2 Bxc3 20. Rc1
Bb4 21. g3 Rfd8 22. Bc5 Rac8 23. Rec2 Rxc5 24. Rxc5 Bxc5 25. Rxc5 Rd6 26. Ra5
a6 27. Kg2 e6 1/2-1/2

[Event "DLM 2010"]
[Site "Stuttgart GER"]
[Date "2010.11.17"]
[Round "1"]
[White "Pogan, Nikolas"]
[Black "Borgmeyer, Max"]
[Result "1-0"]
[Termination "normal"]
[Board "3.2"]
[WhiteElo "2150"]
[BlackElo "2170"]
[WhiteTeam "Württemberg 1"]
[BlackTeam "Hamburg"]
[WhiteFideId "24673579"]
[BlackFideId "24615870"]
[EventCountry "GER"]
[EventRounds "7"]
[EventType "team-swiss"]
[EventDate "2010.11.16"]

1. d4 Nf6 2. c4 e6 3. g3 Bb4+ 4. Bd2 Qe7 5. Nf3 Bxd2+ 6. Qxd2 d6 7. Nc3 e5 8.
Bg2 O-O 9. O-O Nc6 10. Nd5 Nxd5 11. cxd5 Nb8 12. Rac1 e4 13. Ng5 f5 14. h4 c6
15. Qc3 h6 16. Nh3 cxd5 17. Nf4 Qf7 18. Qxc8 Rxc8 19. Rxc8+ Kh7 20. h5 1-0

[Event "DLM 2010"]
[Site "Stuttgart GER"]
[Date "2010.11.17"]
[Round "1"]
[White "Müller, Tobias"]
[Black "Braun, Georg"]
[Result "0-1"]
[Termination "normal"]
[Board "3.3"]
[WhiteElo "2064"]
[BlackElo "2073"]
[WhiteTeam "Hamburg"]
[BlackTeam "Württemberg 1"]
[WhiteFideId "24643394"]
[BlackFideId "24629383"]
[EventCountry "GER"]
[EventRounds "7"]
[EventType "team-swiss"]
[EventDate "2010.11.16"]

1. c4 c5 2. g3 g6 3. Bg2 Bg7 4. Nc3 Nc6 5. a3 b6 6. b4 Bb7 7. Rb1 cxb4 8. axb4
Qc8 9. Nd5 Ne5 10. Bb2 e6 11. f4 exd5 12. fxe5 dxc4 13. Nf3 Ne7 14. Rc1 O-O 15.
d3 b5 16. dxc4 bxc4 17. Bh3 Nd5 18. Qd4 Nb6 19. O-O Qc6 20. b5 Qxb5 21. Ba3
Rfe8 22. Ng5 Qxe5 23. Qxe5 Rxe5 24. Nxf7 Ra5 0-1

[Event "DLM 2010"]
[Site "Stuttgart GER"]
[Date "2010.11.17"]
[Round "1"]
[White "Erben, Larissa"]
[Black "Grötzbach, Julian"]
[Result "0-1"]
[Termination "normal"]
[Board "3.4"]
[WhiteElo "2092"]
[BlackElo "1879"]
[WhiteTeam "Württemberg 1"]
[BlackTeam "Hamburg"]
[WhiteFideId "24634590"]
[BlackFideId "24600938"]
[EventCountry "GER"]
[EventRounds "7"]
[EventType "team-swiss"]
[EventDate "2010.11.16"]

1. e4 c5 2. Nf3 d6 3. d4 cxd4 4. Nxd4 Nf6 5. Nc3 a6 6. Be2 e5 7. Nb3 Be6 8. O-O
Be7 9. Kh1 Qc7 10. f4 Nbd7 11. Qe1 h5 12. f5 Bc4 13. Bg5 b5 14. a3 Rc8 15. Rd1
Bxe2 16. Qxe2 h4 17. Rf3 Rh5 18. Qd2 Qb7 19. Re1 Nb6 20. Na5 Qc7 21. Rd1 Nbd7
22. Nb3 Nb6 23. Rh3 Nc4 24. Qc1 Ng4 25. Nd5 Nf2+ 26. Kg1 Nxh3+ 27. gxh3 Rxg5+
28. Qxg5 Qa7+ 0-1

[Event "DLM 2010"]
[Site "Stuttgart GER"]
[Date "2010.11.17"]
[Round "1"]
[White "Krüger, David"]
[Black "Kvetny, Mark"]
[Result "0-1"]
[Termination "normal"]
[Board "3.5"]
[WhiteElo "1696"]
[BlackElo "1984"]
[WhiteTeam "Hamburg"]
[BlackTeam "Württemberg 1"]
[WhiteFideId "12921858"]
[BlackFideId "24603929"]
[EventCountry "GER"]
[EventRounds "7"]
[EventType "team-swiss"]
[EventDate "2010.11.16"]

1. d4 Nf6 2. c4 e6 3. g3 c5 4. e3 cxd4 5. exd4 d5 6. Bg2 Be7 7. Nf3 O-O 8. cxd5
Nxd5 9. O-O b6 10. Nc3 Nxc3 11. bxc3 Bb7 12. Qc2 Nc6 13. Be3 Rc8 14. Rac1 Na5
15. Rfe1 Ba3 16. Rb1 Qc7 17. Ng5 g6 18. Bxb7 Nxb7 19. Rb3 Be7 20. Nf3 Na5 21.
Bf4 Qb7 22. Ne5 Nxb3 23. axb3 Rfd8 24. Qd2 Qd5 25. b4 Qb3 26. Rc1 a5 27. bxa5
bxa5 28. Ng4 f6 29. Qe1 Qd5 30. Ne3 Qe4 31. g4 Qxf4 32. h3 Kf7 33. Ra1 Bd6 34.
Rxa5 Qh2+ 35. Kf1 Qh1+ 36. Ke2 Qxe1+ 37. Kxe1 Rxc3 38. h4 Bb4 39. Ra7+ Rc7+ 0-1

[Event "DLM 2010"]
[Site "Stuttgart GER"]
[Date "2010.11.17"]
[Round "1"]
[White "Schäfer, Daniela"]
[Black "Lemke, Berfîn"]
[Result "1-0"]
[Termination "normal"]
[Board "3.6"]
[WhiteElo "1935"]
[BlackElo "1442"]
[WhiteTeam "Württemberg 1"]
[BlackTeam "Hamburg"]
[WhiteFideId "4624769"]
[BlackFideId "1270578"]
[EventCountry "GER"]
[EventRounds "7"]
[EventType "team-swiss"]
[EventDate "2010.11.16"]

1. e4 e5 2. Nf3 Nc6 3. Bb5 a6 4. Ba4 Nf6 5. O-O Be7 6. Re1 d6 7. c3 Bg4 8. h3
Bh5 9. d3 O-O 10. Nbd2 b5 11. Bb3 Qd7 12. Nf1 a5 13. a4 b4 14. Ne3 Rab8 15. g4
Bg6 16. Nf5 Rfd8 17. N5h4 Rb7 18. Nxg6 hxg6 19. Bc4 Nb8 20. Ng5 Rf8 21. Qf3 Qe8
22. Bd2 bxc3 23. Bxc3 Ra7 24. Qe3 Ra8 25. Qd2 Nfd7 26. Nf3 Nc5 27. b3 Nb7 28.
d4 exd4 29. Bxd4 Bf6 30. Bxf6 gxf6 31. Qh6 Nd7 32. Qxg6+ Kh8 33. Qh6+ Kg8 34.
Nh4 f5 35. Ng6 1-0

[Event "DLM 2010"]
[Site "Stuttgart GER"]
[Date "2010.11.17"]
[Round "1"]
[White "Hölzer, Jeanette"]
[Black "Walter, Kevin"]
[Result "0-1"]
[Termination "normal"]
[Board "3.7"]
[WhiteElo "1371"]
[BlackElo "1757"]
[WhiteTeam "Hamburg"]
[BlackTeam "Württemberg 1"]
[WhiteFideId "12917982"]
[BlackFideId "12906654"]
[EventCountry "GER"]
[EventRounds "7"]
[EventType "team-swiss"]
[EventDate "2010.11.16"]

1. e4 c5 2. Nf3 d6 3. d4 cxd4 4. Nxd4 Nf6 5. Nc3 e6 6. Be3 a6 7. f3 b5 8. Qd2
Bb7 9. Bd3 Nbd7 10. O-O Be7 11. Rae1 O-O 12. Bg5 Ne5 13. f4 Qb6 14. Nce2 Nxd3
15. cxd3 e5 16. fxe5 dxe5 17. Qe3 exd4 18. Qg3 Nxe4 19. dxe4 Bxg5 20. Qxg5 d3+
21. Kh1 dxe2 22. Rxe2 Qg6 23. Qxg6 hxg6 24. h3 Rfe8 25. Rfe1 Re5 0-1

[Event "DLM 2010"]
[Site "Stuttgart GER"]
[Date "2010.11.17"]
[Round "1"]
[White "Weber, Sandra"]
[Black "Ludwig, Maria"]
[Result "1-0"]
[Termination "normal"]
[Board "3.8"]
[WhiteElo "1511"]
[BlackElo "1027"]
[WhiteTeam "Württemberg 1"]
[BlackTeam "Hamburg"]
[WhiteFideId "1270049"]
[BlackFideId "24655791"]
[EventCountry "GER"]
[EventRounds "7"]
[EventType "team-swiss"]
[EventDate "2010.11.16"]

1. e4 e5 2. Nf3 Nc6 3. Bb5 a6 4. Ba4 Nf6 5. O-O b5 6. Bb3 Be7 7. Re1 d6 8. h3
O-O 9. c3 Na5 10. Bc2 c5 11. b4 Nc6 12. bxc5 dxc5 13. d3 b4 14. cxb4 Nxb4 15.
Bb2 Nc6 16. Nxe5 Nxe5 17. Bxe5 Bd6 18. Bxd6 Qxd6 19. Nd2 Rd8 20. e5 Qd4 21.
exf6 Qxf6 22. Re3 Rb8 23. Ne4 Qg6 24. Qe1 Bb7 25. Rg3 Qe6 26. Qc3 1-0

[Event "DLM 2010"]
[Site "Stuttgart GER"]
[Date "2010.11.17"]
[Round "1"]
[White "Farmani Anosheh, Armin"]
[Black "Wild, Achim"]
[Result "1-0"]
[Termination "normal"]
[Board "4.1"]
[WhiteElo "2207"]
[BlackElo "2089"]
[WhiteTeam "Baden"]
[BlackTeam "Saarland"]
[WhiteFideId "24613240"]
[BlackFideId "4658728"]
[EventCountry "GER"]
[EventRounds "7"]
[EventType "team-swiss"]
[EventDate "2010.11.16"]

1. d4 d5 2. c4 c6 3. Nf3 Nf6 4. Nc3 e6 5. Bg5 h6 6. Bxf6 Qxf6 7. e3 Nd7 8. Qc2
g6 9. Be2 dxc4 10. Bxc4 Bg7 11. O-O O-O 12. Rad1 b6 13. e4 Bb7 14. e5 Qe7 15.
Rfe1 Rfd8 16. a3 Rac8 17. Qe4 Nf8 18. h4 c5 19. d5 exd5 20. Bxd5 Bxd5 21. Nxd5
Qe6 22. h5 g5 23. Ne3 Rxd1 24. Rxd1 Re8 25. Nf5 Bxe5 26. Nxe5 Qxe5 27. Nxh6+
Kg7 28. Nf5+ Kf6 29. Qc6+ Re6 30. Qc8 Qe2 31. Rd5 Re5 32. Ne3 Rxd5 33. Nxd5+
Kg7 34. h6+ Kg6 35. Qxf8 Qd1+ 36. Kh2 Qxd5 37. Qg7+ 1-0